000 00600nam a22002297a 4500
003 UA-OsUOA
001 119555
007 ta
008 20161102b un ||||| |||| 00| 0 ukr d
090 _a821.161.2
_bБ18
942 _cBK
040 _aUA-OsUOA
_bukr
_cUA-OsUOA
_dUA-OsUOA
245 _aБайки
_cупор. О. Д. Ткаченко
300 _a208 с.
955 _a3
041 _aukr
080 _a821.161.2
020 _a978-966-038-1
260 _aК.
_bЗдоров'я
_c2012
650 7 _a82 Література. Літературознавство
_2UDC
999 _c405712
_d405712